00830nam a22002417a 45000010005000000030006000050050017000110080041000280200018000690400029000870500018001160820011001341000030001452450067001752600043002423000062002855050007003475200120003545210019004745210018004936500043005117000034005548676FISKH20251009161209.0251009b cb ||||| |||| 00| 0 eng d a9780516263533 aFISKHbengcFISKHdFISKH aQL596.C65 H56 a595.76 aHimmelman, John eAuthor  aA ladybug's life /cWritten and illustrated by John Himmelman  aNew York : bChildren's press , c1998 a30 unnumbered pages :bcolor illustrations ; c21 x 26 cm aJ  aIllustrations and simple text follow the daily activities of a ladybug through its life cycle, from summer to fall.8 a450 bLexile 8 aJ bRaz-Plus  aInsect life cyclevBiology and Ecology aHimmelman, John eIllustrator